LEADER 01312nam 2200421 450 001 9910792856903321 005 20180828105017.0 010 $a0-8108-9270-7 035 $a(CKB)3710000001123951 035 $a(MiAaPQ)EBC4828788 035 $a(EXLCZ)993710000001123951 100 $a20170418h20172017 uy 0 101 0 $aeng 135 $aurcnu|||||||| 181 $2rdacontent 182 $2rdamedia 183 $2rdacarrier 200 14$aThe Christopher Lee film encyclopedia /$fRobert W. Pohle Jr., Douglas C. Hart, Rita Pohle Baldwin ; foreword by Tim Burton, Johnny Depp 210 1$aLanham, Maryland :$cRowman & Littlefield,$d2017. 210 4$d?2017 215 $a1 online resource (415 pages) $cillustrations 311 $a0-8108-9269-3 320 $aIncludes bibliographical references and index. 606 $aActors$zEngland$vBiography$vEncyclopedias 615 0$aActors 676 $a791.43028092 700 $aPohle$b Robert W.$f1949-$01558876 702 $aHart$b Douglas C. 702 $aBaldwin$b Rita Pohle$f1986- 702 $aBurton$b Tim 702 $aDepp$b Johnny 801 0$bMiAaPQ 801 1$bMiAaPQ 801 2$bMiAaPQ 906 $aBOOK 912 $a9910792856903321 996 $aThe Christopher Lee film encyclopedia$93823664 997 $aUNINA LEADER 00856nam 2200265 450 001 996716298003316 005 20260402163731.0 100 $a20260402d1971----km y0itay5003 ba 101 0 $aita 102 $aIT 105 $ay 00 y 200 1 $a<> marxismo italiano degli anni Sessanta$ela funzione degli intellettuali rivoluzionari e il ruolo di "Nuovo Impegno" 210 $aPisa$cMariotti$d1971 215 $a175 p.$d25 cm 300 $aTitolo dell'intitolazione 300 $aFa parte di: Nuovo impegno : rivista trimestrale, anno 6, n. 22-23 (mag.-ott. 1971) 606 0 $aMarxismo$yItalia$2BNCF 676 $a335.40945 801 0$aIT$bcba$gREICAT 912 $a996716298003316 951 $aXVI.8. 774$bFAVAG$cXVI.8.$d373464 959 $aBK 969 $aFAVAG 996 $aMarxismo italiano degli anni sessanta$9456424 997 $aUNISA